000 00322nam a2200121Ia 4500
008 240731s9999 xx 000 0 und d
022 _a1477-2213
245 0 _aJournal of Asian Natural Products Research
260 _bTaylor & Francis
856 _uhttps://www.tandfonline.com/loi/ganp20
942 _2ddc
942 _cTFEJ
999 _c77457
_d77457
945 _a1
_bMadushi Gamage
_c1
_dMadushi Gamage